000 00504nam a2200181Ia 4500
005 20250423094221.0
008 250422s9999 xx 000 0 und d
020 _a9789789210817
050 _aRA 771.7.N6 .O83/
100 _aOsanyim, Yemi
245 0 _a25 years of capacity building for health development in Nigeria
260 _aIbadan
260 _bAssociation for Reproductive and Family Health
260 _c2014
300 _a384 p
650 _aHealth development--Nigeria.
942 _cBK
999 _c26612
_d26612